000 00409nam a2200181Ia 4500
001 10503
005 20260306161837.0
008 260306t2020||||xx |||||||||||||| ||spa||
041 _aESP
082 _a940
_bD32
100 _aDawson, Christopher
_eAUT
245 0 _aLos orígenes de Europa
260 _c2020
300 _apágs. :
_ccm.
650 _aGEN
654 _aCHU
942 _cLIB
_dJUS
_fJUS
_2ddc
_n
999 _c10503
_d10503